Регионална библиотека "Любен Каравелов" - Русе

Микробиология (Запис номер 183206)

MARC детайли
000 -Лидер
Контролно поле с фиксирана дължина 01623nam a2200337 c 4500
003 - Код на организацията, давaща контролен номер
Контролно поле BLK
005 - Дата и час на последна редакция
Контролно поле 20180422115253.0
008 - Елементи от данни с фиксирана дължина
fixed length control field 180411b bul|||||r ||||||| ||bul||
010 ## - Наследен системен номер
LC control number KNG00192134000
040 ## - Източник на каталожния запис
Идентификатор на билиотеката - собственик на записа BLK
041 ## - Код за език
Код за езика на текст/звукозапис или на отделно заглавие Български
Код за езика КДБФ Български
080 ## - УДК
Текстов определител УДК Медицинска микробиология. Подразделя се с отношение (Табл. Іb) към съответните деления на 61
УДК код - определител по УДК 579.61
УДК определител (075.8)
УДК - код + определител 579.61(075.8)
100 1# - Редна дума - Автор
Автор Димитров, Димитър Илиев
Авторска отговорност първи автор
R(LIN) 383993
139 ## - Редно поле
Редна дума Димитров, Димитър Илиев и др.
Авторски знак Дими - Д 58
245 10 - Сведения за заглавието
Заглавие Микробиология
Редно поле (дума) Димитър Илиев Димитров; съавт. Герго Митов; съавт. Никола Маринов Нинов.
250 ## - Област на изданието
Сведения за изданието 3. изд.
257 ## - Страна на издаване
Страна на създаване/издаване България
260 ## - Област на издателските данни
-- София
Име на издателя, разпространителя и проч. Медицина и физкултура
Година на издаване 1988
300 ## - Физическа характеристика
Страници 280 с.
Илюстрации и др. с табл., сх, диагр.
Размери/Мащаб 20 см
380 ## - Жанр
Жанр Естествени науки. Математика
500 ## - Общи забележки
Забележка Авт не са отбелязани на кор. - Пълното име на втория авт. е Герго Митов Иванов. - 1. изд. 1980. - 1 083 тир. - Пред. показалец.
653 ## - Ключова дума – ненормативна
Ключова дума микробиология
653 ## - Ключова дума – ненормативна
Ключова дума учебници за ВУЗ
700 1# - Други автори (авторска отговорност)
Лично име Митов, Герго
Автороска отговорност (Описва отношението между автора и произведението) съавт.
9 (RLIN) 369436
700 1# - Други автори (авторска отговорност)
Лично име Нинов, Никола Маринов
Автороска отговорност (Описва отношението между автора и произведението) съавт.
9 (RLIN) 343130
852 ## - Местоположение
Форматна сигнатура Цб 152235
856 4# - Електронен адрес и достъп
Електронен формат pdf - файл
Път до файла /url/
856 4# - Електронен адрес и достъп
Електронен формат pdf - файл
Път до файла /url/
942 ## - АРТИКУЛИ
Вид на библиотечния материал Книги
Скрит в OPAC Не
944 ## - СЪЗДАВАНЕ И РЕДАКЦИЯ на ЗАПИСА
Създаване/Редакция Създаване
Дата на регистрацията/редакция 10.10.2016
Служител, извършил регистрацията/редакцията Наталия_Любомирова
944 ## - СЪЗДАВАНЕ И РЕДАКЦИЯ на ЗАПИСА
Създаване/Редакция Редакция
Дата на регистрацията/редакция 10.10.2016
Служител, извършил регистрацията/редакцията Наталия_Любомирова
999 ## - СИСТЕМНИ КОНТРОЛНИ НОМЕРА
Koha biblionumber 183206
Koha biblioitemnumber 183206
Наличности
Код за отписване Код за изгубен артикул Източник на класификационната схема Код за повреда Коз за рестрикции Код за отдаване Артикулен № Име на библиотеката - собственик Име на библиотеката, в която се намира в момента Статус (Текущо местоположение) Дата на вписване в системата Местоположение - отдел Цена в лева Инвентарен номер Систематично азбучна сигнатура Баркод Номер на екземпляра Цена в евро Служебна бележка Служебен тип на артикула
  Не е изгубен Universal Decimal Classification Не е повреден без рестрикции ползва се в читалня 315677 Регионална библиотека "Любен Каравелов" Русе Регионална библиотека "Любен Каравелов" Русе Хранилище 1988-01-01 Хранилище 1.56 493283 Цб 152235 120000493283 1 0.80 N: стар фонд Дата: 01.01.1988 Книги
Изтеглен Не е изгубен Universal Decimal Classification Не е повреден без рестрикции заемане за дома 315678 Регионална библиотека "Любен Каравелов" Русе Регионална библиотека "Любен Каравелов" Русе Заемна - подръчен фонд 1988-01-01 Заемна - подръчен фонд 1.37 494537 П 579/Д 58 494537 2 0.70 N: стар фонд Дата: 01.01.1988 Книги
Vip Innovations Ltd, Rousse, Bulgaria 2025